Buteurs 14 - 0 France - Gibraltar - Statistiques

Statistiques générales
  • Ce quiz a été pris 181 fois
  • Le résultat moyen est 6 sur 10
Statistiques - réponses
Minute Joueur % Correct
30', 74', 82' Kylian Mbappé
99%
89', 90 + 1' Olivier Giroud
93%
73' Ousmane Dembélé
78%
36', 65' Kingsley Coman
65%
16' Warren Zaïre-Emery
61%
63' Adrien Rabiot
54%
34' Jonathan Clauss
49%
4' Marcus Thuram
49%
37' Youssouf Fofana
48%
3' (CSC) Ethan Santos
21%
Aucun quiz correspondant
Distribution des résultats
% des personnes avec chaque résultat
Percentile par nombre de réponses
Votre historique - résultats
Vous n’avez pas pris ce quiz